| 000 | 00697cam a22002053a 4500 | ||
|---|---|---|---|
| 001 | 41337 | ||
| 003 | PGUSA | ||
| 005 | 20140828083930.0 | ||
| 008 | 121110s2012||||xxu|||||s|||||000 | eng d | ||
| 040 |
_aPGUSA _beng |
||
| 042 | _adc | ||
| 100 | 1 |
_aCastro, Cristóbal de, _d1874-1953 |
|
| 245 | 1 | 0 |
_aCatálogo Monumental de España; Provincia de Álava : _bInventario general de los monumentos históricos y artísticos de al nación. _h[electronic resource] / _cCristóbal de Castro |
| 260 |
_bProject Gutenberg, _c2012 |
||
| 506 | _aPublic domain in the USA. | ||
| 516 | _aElectronic text | ||
| 830 | 0 |
_aProject Gutenberg _v41337 |
|
| 856 | 4 | 0 | _uhttp://www.gutenberg.org/ebooks/41337 |
| 942 | _cEB | ||
| 999 |
_c270589 _d270589 |
||